El lenguaje. Dos aproximaciones (Registro nro. 21944)

Detalles MARC
000 -Cabecera
Campo de control interno 00865nam a2200265Ia 4500
005 - Fecha y hora del registro
control field 20260320113327.0
008 - Elementos de Longitud Fija
fixed length control field 260320s9999||||xx |||||||||||||| ||und||
020 ## - ISBN
ISBN 9789972570179
041 ## - Idioma
Codigo Idioma ESP
082 ## - DEWEY y NOTACIÓN INTERNA
Dewey 401
Notación Interna G28
100 ## - AUTOR
Autor denominación Gatti Murriel, Carlos,
Término de relación autor
245 #0 - TÍTULO DE MATERIAL BIBLIOGRÁFICO
Título El lenguaje. Dos aproximaciones
Título paralelo
246 ## - TÍTULO TRADUCIDO
Título
Título paralelo
Autor
250 ## - EDICIÓN
Edición Primera edición corregida
260 ## - CIUDAD, EDITORIAL, AÑO
Ciudad Lima :
Nombre de la Editorial Universidad del Pacífico,
Año 2016
300 ## - DESCRIPCIÓN
N° Páginas 64 páginas :
Otros detalles
Dimensiones 21 cm.
Material Adicional
440 ## - MENCIÓN DE SERIE
Título de la Serie (Conferencias
Número de Serie ; número 5)
Volumen de Serie
650 ## - TEMAS
Temas Lenguas
653 ## - DESCRIPTORES
Lenguajes no controlado Lenguaje; Comunicación; Filosofía del lenguaje
654 ## - PROGRAMAS
Programa Dpto. de Humanidades
700 ## - OTROS AUTORES
Otros autores Wiesse Rebagliati, Jorge,
Títulos y otras palabras asociadas con el nombre autor
856 ## - URL - UBICACIÓN
URI/URL: Enlace exacto del recurso <a href="https://0u20fluvl-y-https-research-ebsco-com.itmsp.museknowledge.com/c/qxo6us/search">https://0u20fluvl-y-https-research-ebsco-com.itmsp.museknowledge.com/c/qxo6us/search</a>
Nota pública: Versión digital <a href="Véase además: Base de datos EBSCOhost">Véase además: Base de datos EBSCOhost</a>
942 ## - ELEMENTOS DE KOHA
Tipo de documento Libro
Nombre del creador Justo Noguera
Código de catalogador Margarita Torres
Esquema de clasificación Dewey Decimal Classification
Suppress in OPAC
Existencias
Codigo completo Registro Colección Copia número Disponibilidad Tipo de préstamo Biblioteca Actual Procedencia (Biblioteca) Ubicacón Fecha Ingreso Tipo de Adquisición Observación Date last seen Total checkouts Price effective from Tipo de Item Estado del Material Fuente de Clasificación Damaged status Withdrawn status
401 G28 1086343 Universidad Católica San Pablo 1 Disponible Disponible Víctor Andrés Belaunde Víctor Andrés Belaunde Planta baja abierta 10/03/2026 Donación Ey Perú 20/03/2026   20/03/2026 Libro Bueno Dewey Decimal Classification